Noms de pays en japonais (Partie 1) - Statistiques

Statistiques générales
  • Ce quiz a été pris 130 fois
  • Le résultat moyen est 25 sur 30
Statistiques - réponses
Japonais Français % Correct
カナダ (Kanada) Canada
99%
マダガスカル (Madagasukaru) Madagascar
98%
フランス (Furansu) France
97%
ウクライナ (Ukuraina) Ukraine
96%
イラン (Iran) Iran
95%
ペルー (Perū) Pérou
95%
ポルトガル (Porutogaru) Portugal
95%
イタリア (Itaria) Italie
94%
モロッコ (Morokko) Maroc
94%
ロシア (Roshia) Russie
94%
台湾 (Taiwan) Taïwan
94%
スーダン (Sūdan) Soudan
92%
バングラデシュ (Banguradeshu) Bangladesh
91%
スウェーデン (Suu~ēden) Suède
90%
ベネズエラ (Benezuera) Venezuela
90%
コロンビア (Koronbia) Colombie
89%
ボリビア (Boribia) Bolivie
86%
ホンジュラス (Honjurasu) Honduras
86%
日本 (Nihon) Japon
86%
スリランカ (Suriranka) Sri Lanka
86%
パプアニューギニア (Papuanyūginia) Papouasie-Nouvelle-Guinée
84%
キューバ (Kyūba) Cuba
83%
サウジアラビア (Saujiarabia) Arabie saoudite
82%
スペイン (Supein) Espagne
80%
メキシコ (Mekishiko) Mexique
79%
コンゴ民主共和国 (Kongominshukyōwakoku) République démocratique du Congo
78%
南アフリカ (Minamiafurika) Afrique du Sud
66%
アルゼンチン (Aruzenchin) Argentine
58%
トルコ (Toruko) Turquie
58%
ツバル (Tsubaru) Tuvalu
20%
Aucun quiz correspondant
Distribution des résultats
% des personnes avec chaque résultat
Percentile par nombre de réponses
Votre historique - résultats
Vous n’avez pas pris ce quiz